00413nam a2200145Ia 4500003000400000005001700004008004100021020001400062040000900076082001500085100002600100245008500126260004700211300000900258OSt20200625094440.0190216s9999||||xx |||||||||||||| ||und|| a856551317 coclc a954bSAS/L aSastri, K A Nilakanta 0aLife And Culture Of The Indian People /cK A Nilakanta Sastri ; Srinivasachari G bAllied Publishers Limited,c1974.aBombay: a267p